000 00558nam a22001817a 4500
005 20231117062037.0
008 231117b |||||||| |||| 00| 0 eng d
020 _a070211376 X
041 _aEnglish
082 _a343.9 BAM
100 _aBamford, BR
_lEnglish
245 _aThe Law of Shipping and Carriage in South Africa /
_cBR Bamford
250 _aThird Edition
260 _aCape Town :
_bJuta and Company Ltd,
_c1983
300 _bxlvi, 389 pages ;
_c26 cm.
650 _aLegal practice
_bLaw
942 _cBK
_6ALISON_BN_VRIES
999 _c747
_d747